| 000 | 02065cam a22003977a 4500 | ||
|---|---|---|---|
| 001 | 15824019 | ||
| 005 | 20170105102347.0 | ||
| 008 | 090719s2010 nyua b 001 0 eng d | ||
| 010 | _a 2009932895 | ||
| 015 |
_a995196532 _2dnb |
||
| 020 | _a9780387980973 | ||
| 020 | _a0387980970 | ||
| 035 | _a(OCoLC)ocn428028229 | ||
| 040 |
_aBTCTA _cBTCTA _dOHX _dCDX _dCDN _dYDXCP _dMUU _dGBVCP _dDLC |
||
| 042 | _alccopycat | ||
| 050 | 0 | 0 |
_aQA300 _b.D3435 2010 |
| 082 | 0 | 4 | _a515 |
| 100 | 1 | _aDavidson, Kenneth R. | |
| 245 | 1 | 0 |
_aReal analysis and applications : theory in practice _btheory in practice _cKenneth R. Davidson, Allen P. Donsig. |
| 260 |
_aNew York : _bSpringer, _cc2010. |
||
| 300 |
_axii, 513 p. : _bill. ; _c25 cm. |
||
| 490 | 1 |
_aUndergraduate texts in mathematics, _x0172-6056 |
|
| 500 | _aRev. ed. of: Real analysis with real applications. | ||
| 504 | _aIncludes bibliographical references (p. 505-506) and index. | ||
| 505 | 0 | _aAnalysis. Review ; The real numbers ; Series ; Typology of R[superscript]n ; Functions ; Differentiation and integration ; Norms and inner products ; Limits of functions ; Metric spaces -- Applications. Approximation by polynomials ; Discrete dynamical systems ; Differential equations ; Fourier series and physics ; Fourier series and approximation ; Wavelets ; Convexity and optimization ; References ; Index. | |
| 650 | 0 | _aMathematical analysis. | |
| 700 | 1 | _aDonsig, Allan P. | |
| 700 | 1 |
_aDavidson, Kenneth R. _tReal analysis with real applications. |
|
| 830 | 0 | _aUndergraduate texts in mathematics. | |
| 856 | 4 | 2 |
_3Publisher description _uhttp://www.loc.gov/catdir/enhancements/fy1109/2009932895-d.html |
| 856 | 4 | 1 |
_3Table of contents only _uhttp://www.loc.gov/catdir/enhancements/fy1109/2009932895-t.html |
| 906 |
_a7 _bcbc _ccopycat _d2 _encip _f20 _gy-gencatlg |
||
| 942 |
_2ddc _cBK |
||
| 999 |
_c11733 _d11733 |
||